[Event "zonal 5"]
[Site "Nea Makri GRE"]
[Date "1990.??.??"]
[Round "?"]
[White "Barlov, Dragan"]
[Black "Grivas, Efstratios"]
[Result "0-1"]
[WhiteElo "2520"]
[BlackElo "2445"]
[EventDate "1990.??.??"]
[PlyCount "156"]

1.e4 e5 2.Nf3 Nc6 3.Bb5 a6 4.Ba4 Nf6 5.Qe2 b5 6.Bb3 Bc5 7.c3 O-O 8.O-O h6 
9.Rd1 Re8 10.d3 Bf8 11.a3 d6 12.Nbd2 Na5 13.Ba2 c5 14.Nf1 Be6 15.Bxe6 Rxe6
16.Ng3 g6 17.Qc2 d5 18.a4 b4 19.Bd2 Qe8 20.Re1 bxc3 21.Bxc3 Nc6 22.Rec1 
dxe4 23.dxe4 Rb8 24.Nd2 Nd4 25.Qd3 h5 26.Ngf1 Rd6 27.Bxd4 cxd4 28.Nc4 Rc6 
29.Nfd2 Nd7 30.Rcb1 Bb4 31.Qh3 Nc5 32.a5 Kg7 33.Nf3 f6 34.Ncd2 Qc8 35.Qg3 
Qg4 36.Rc1 Rbc8 37.Rc4 Bxd2 38.Qxg4 hxg4 39.Nxd2 Nd3 40.b3 Nb2 41.Rxc6 
Rxc6 42.Kf1 Rc2 43.Ke2 Kf7 44.b4 Nc4 45.Kd3 Rc3+ 46.Ke2 Nd6 47.Rh1 f5 48.
f3 gxf3+ 49.gxf3 f4 50.Rb1 Nb5 51.Kd1 Rc8 52.Rb2 Nc3+ 53.Ke1 Na4 54.Rb1 
Rb8 55.Nc4 Kf6 56.Nd2 Rh8 57.Nf1 Nc3 58.Rb2 g5 59.Rg2 Rb8 60.Rb2 Rh8 61.
Rg2 Rb8 62.Rb2 g4 63.Nd2 gxf3 64.Nxf3 Rb5 65.Nd2 Kg5 66.Kf1 f3 67.Nxf3+ 
Kf4 68.Nd2 Nxe4 69.Nc4 Nc3 70.Rf2+ Kg5 71.h4+ Kxh4 72.Rf5 e4 73.Nd6 Rxb4 
74.Nxe4 Nxe4 75.Rf4+ Kg3 76.Rxe4 Kf3 77.Re1 d3 78.Rd1 Rb3 0-1

[Event "zonal 5"]
[Site "Nea Makri GRE"]
[Date "1990.??.??"]
[Round "?"]
[White "Barlov, Dragan"]
[Black "Ipek, Ali"]
[Result "1-0"]
[WhiteElo "2520"]
[BlackElo "2275"]
[EventDate "1990.??.??"]
[PlyCount "63"]

1.d4 Nf6 2.c4 e6 3.Nf3 b6 4.g3 Bb7 5.Bg2 Be7 6.O-O O-O 7.d5 exd5 8.Nh4 c6 
9.cxd5 cxd5 10.Nc3 Na6 11.Nf5 Nc7 12.Bg5 Ne6 13.Nxe7+ Qxe7 14.Nxd5 Bxd5 
15.Bxf6 Qxf6 16.Bxd5 Rac8 17.Qd2 Rc7 18.b3 Rfc8 19.Bc4 g6 20.Rad1 Kg7 21.
Qe3 Nc5 22.Rd4 Ne6 23.Rd6 Re8 24.Rfd1 Qe7 25.Qe5+ Kg8 26.h4 Rc5 27.Qe4 Nf8
28.Qb7 Rc6 29.Rxd7 Nxd7 30.Rxd7 Qe4 31.Rxf7 Rxc4 32.Rg7+ 1-0

[Event "zonal 5"]
[Site "Nea Makri GRE"]
[Date "1990.??.??"]
[Round "?"]
[White "Barlov, Dragan"]
[Black "Ivanovic, Bozidar"]
[Result "1/2-1/2"]
[WhiteElo "2520"]
[BlackElo "2520"]
[EventDate "1990.??.??"]
[PlyCount "21"]

1.d4 d5 2.c4 e6 3.cxd5 exd5 4.Nc3 Nf6 5.Bf4 Be7 6.e3 O-O 7.Bd3 c5 8.dxc5 
Bxc5 9.Nf3 Nc6 10.O-O h6 11.h3 1/2-1/2

[Event "zonal 5"]
[Site "Nea Makri GRE"]
[Date "1990.??.??"]
[Round "?"]
[White "Barlov, Dragan"]
[Black "Martidis, Alkis"]
[Result "1/2-1/2"]
[WhiteElo "2520"]
[BlackElo "2300"]
[EventDate "1990.??.??"]
[PlyCount "122"]

1.d4 d5 2.c4 e6 3.Nc3 c5 4.cxd5 exd5 5.Nf3 Nc6 6.g3 Nf6 7.Bg2 Be7 8.O-O 
O-O 9.Bg5 cxd4 10.Nxd4 h6 11.Be3 Re8 12.Rc1 Bf8 13.Nxc6 bxc6 14.Na4 Bd7 
15.Bc5 Bxc5 16.Nxc5 Bf5 17.e3 Rb8 18.Qd2 Qb6 19.b3 Qb5 20.Qc3 Qe2 21.a3 
Qh5 22.f3 Re7 23.Rce1 Bh3 24.Re2 Bxg2 25.Kxg2 Rbe8 26.Rfe1 Nh7 27.h4 f5 
28.Nd3 Qg6 29.Qc5 Nf8 30.Rc1 Ne6 31.Qd6 f4 32.Nxf4 Nxf4+ 33.Qxf4 Qd3 34.
Rce1 Qxb3 35.Qb4 Qxb4 36.axb4 Rb8 37.Rc1 Re6 38.Ra1 Rb7 39.Ra4 Kf7 40.Kf2 
Ke8 41.Rea2 Ree7 42.Ke2 Rec7 43.Rd2 Rb6 44.Rd4 Rcb7 45.e4 dxe4 46.Rxe4+ 
Kf7 47.Kd3 Rb5 48.Rc4 Rd5+ 49.Rd4 Rf5 50.f4 c5 51.Ra5 cxd4 52.Rxf5+ Kg6 
53.g4 Rxb4 54.h5+ Kh7 55.Ra5 Rb3+ 56.Ke4 Rg3 57.Kf5 d3 58.Rxa7 d2 59.Rd7 
Rg2 60.g5 hxg5 61.fxg5 Rf2+ 1/2-1/2

[Event "zonal 5"]
[Site "Nea Makri GRE"]
[Date "1990.??.??"]
[Round "?"]
[White "Barlov, Dragan"]
[Black "Muco, Fatos"]
[Result "1/2-1/2"]
[WhiteElo "2520"]
[BlackElo "2440"]
[EventDate "1990.??.??"]
[PlyCount "170"]

1.d4 Nf6 2.Nf3 e6 3.c4 Bb4+ 4.Bd2 Qe7 5.g3 O-O 6.Bg2 Bxd2+ 7.Qxd2 d6 8.Nc3
Re8 9.O-O e5 10.e4 Bg4 11.d5 Bxf3 12.Bxf3 c5 13.Rae1 a6 14.a4 Nbd7 15.Bg2 
Kh8 16.b3 Rg8 17.Bh3 Rab8 18.Re3 g5 19.Ra1 Ne8 20.a5 g4 21.Bf1 Ng7 22.Bd3 
b6 23.axb6 Rxb6 24.Bc2 Qg5 25.Re2 Qh5 26.Qd3 Rf8 27.f3 f5 28.fxg4 fxg4 29.
Qd2 h6 30.Nd1 Rf6 31.Rf2 Qg6 32.Ne3 Rxf2 33.Qxf2 Nf6 34.Rf1 Nge8 35.Qf5 
Qxf5 36.Nxf5 h5 37.Kg2 Kg8 38.h3 Kf7 39.hxg4 hxg4 40.Bd1 Kg6 41.Bc2 Kf7 
42.Ne3 Kg6 43.Nf5 Kf7 44.Rh1 a5 45.Ra1 Ra6 46.Kf2 Ng7 47.Ne3 Ra8 48.Ke2 
Kg6 49.Kd3 Kg5 50.Rh1 Ngh5 51.Nf5 Ra6 52.Ke3 Ne8 53.Kf2 Ra7 54.Kg2 Rb7 55.
Ra1 Ra7 56.Ne3 Nhf6 57.Rh1 Rh7 58.Rf1 Ra7 59.Nd1 Nc7 60.Nc3 Nce8 61.Nb5 
Ra6 62.Rh1 Nh5 63.Ra1 Nhf6 64.Nc3 Ra7 65.Nd1 Ng7 66.Nf2 Nge8 67.Rf1 Rb7 
68.Nd1 Rh7 69.Ne3 Rb7 70.Ra1 Ra7 71.Nf5 Kg6 72.Kf2 Kg5 73.Rh1 Rh7 74.Rxh7 
Nxh7 75.Ne7 Kf6 76.Nc6 Kf7 77.Nxa5 Ng5 78.Ke3 Nf6 79.Nb7 Ke7 80.b4 cxb4 
81.c5 dxc5 82.Nxc5 Kd6 83.Nb7+ Kc7 84.Na5 Nh5 85.Nc4 Nxg3 1/2-1/2

[Event "zonal 5"]
[Site "Nea Makri GRE"]
[Date "1990.??.??"]
[Round "?"]
[White "Barlov, Dragan"]
[Black "Pandavos, Emanouel"]
[Result "0-1"]
[WhiteElo "2520"]
[BlackElo "2370"]
[EventDate "1990.??.??"]
[PlyCount "150"]

1.d4 Nf6 2.c4 e6 3.Nf3 Bb4+ 4.Bd2 Qe7 5.g3 O-O 6.Bg2 Bxd2+ 7.Qxd2 d6 8.Nc3
e5 9.h3 Re8 10.e4 Nbd7 11.O-O a5 12.Rfe1 b6 13.b3 Bb7 14.d5 Nh5 15.Qc2 g6 
16.a3 Rf8 17.b4 f5 18.exf5 gxf5 19.Nb5 Qd8 20.Nd2 Rf7 21.Kh2 Nf8 22.c5 Ba6
23.Nc3 bxc5 24.bxc5 Nd7 25.Nb3 Bc4 26.c6 Bxb3 27.Qxb3 Nc5 28.Qd1 Qg5 29.
Rb1 Rg7 30.Rg1 Rf8 31.Qe1 e4 32.Qe3 Qf6 33.Ne2 Qe5 34.Qd4 Qe7 35.f4 Qf7 
36.Rbd1 Nf6 37.Rge1 Rb8 38.Rb1 Re8 39.Rbd1 Nd3 40.Rf1 Kh8 41.Rxd3 exd3 42.
Qxd3 Ne4 43.Rf3 Nc5 44.Qd2 Qf6 45.Qd4 Qe7 46.Nc3 Kg8 47.Nd1 Qf8 48.Re3 
Rge7 49.Qc3 a4 50.Qd2 Qf6 51.h4 Qg6 52.Rxe7 Rxe7 53.Nf2 Qe8 54.Qd4 Re2 55.
Nd3 Rd2 56.Qf6 Rxd3 57.Qg5+ Qg6 58.Qd8+ Kg7 59.g4 Re3 60.Qxc7+ Kg8 61.Qd8+
Kf7 62.g5 Qh5 63.Bf3 Qxh4+ 64.Kg2 Re7 65.Qxd6 Nd3 66.Qf6+ Kg8 67.Qxe7 Qf2+
68.Kh1 Qxf3+ 69.Kh2 Qxf4+ 70.Kg2 Qf2+ 71.Kh1 Qh4+ 72.Kg2 Nf4+ 73.Kf3 Qg4+ 
74.Kf2 Qg2+ 75.Ke1 Qh1+ 0-1

[Event "zonal 5"]
[Site "Nea Makri GRE"]
[Date "1990.??.??"]
[Round "?"]
[White "Cabrilo, Goran"]
[Black "Ipek, Ali"]
[Result "1-0"]
[WhiteElo "2480"]
[BlackElo "2275"]
[EventDate "1990.??.??"]
[PlyCount "103"]

1.e4 c5 2.Nf3 e6 3.d3 Nc6 4.g3 d5 5.Qe2 Be7 6.Bg2 Nf6 7.O-O O-O 8.e5 Nd7 
9.c4 d4 10.Re1 Rb8 11.h4 b5 12.cxb5 Rxb5 13.Nbd2 Nb4 14.Nc4 Rb8 15.a3 Nd5 
16.Bg5 Ba6 17.Rac1 h6 18.Bxe7 Qxe7 19.Nfd2 N7b6 20.Rc2 Na4 21.Rec1 Rfc8 
22.Qg4 Rc7 23.Re1 Rcb7 24.b3 Nac3 25.f4 Rc7 26.Qf3 Bb7 27.Qf2 Qd7 28.Rcc1 
Ne7 29.Bxb7 Rcxb7 30.Nd6 Rb6 31.N6e4 Ned5 32.Nxc5 Qb5 33.Qxd4 Rc8 34.b4 a5
35.Rxc3 Nxc3 36.Qxc3 axb4 37.axb4 Qxb4 38.Qxb4 Rxb4 39.Nce4 Rc2 40.Kf1 
Rbb2 41.Ke2 h5 42.Ke3 Kh7 43.Rg1 Ra2 44.Nc4 Kg6 45.Rb1 Ra7 46.Rb6 Rc1 47.
Kf3 Rf1+ 48.Ke2 Rg1 49.Ne3 Ra2+ 50.Kf3 Ra3 51.f5+ Kh6 52.fxe6 1-0

[Event "zonal 5"]
[Site "Nea Makri GRE"]
[Date "1990.??.??"]
[Round "?"]
[White "Cabrilo, Goran"]
[Black "Mastrokoukos, Georgios"]
[Result "1-0"]
[WhiteElo "2480"]
[BlackElo "2280"]
[EventDate "1990.??.??"]
[PlyCount "67"]

1.e4 e5 2.Nf3 Nc6 3.Bb5 f5 4.d3 fxe4 5.dxe4 Nf6 6.Qd3 d6 7.a3 Be6 8.Nc3 h6
9.Nh4 Kf7 10.Bc4 Qd7 11.Be3 Be7 12.O-O-O Ng4 13.Nf5 Nxe3 14.fxe3 g6 15.
Bxe6+ Qxe6 16.Nd5 gxf5 17.Nxc7 Qa2 18.Nxa8 Rxa8 19.Rhf1 f4 20.Qd5+ Qxd5 
21.exd5 Nd8 22.exf4 exf4 23.Rxf4+ Kg6 24.Rc4 Bf6 25.Rc7 Rb8 26.Rd3 Be5 27.
g3 Kg5 28.Rf3 Kg4 29.Rf2 a5 30.Rh7 Rc8 31.Rf8 Kg5 32.Rd7 Bf6 33.h4+ Kg6 
34.Rxd6 1-0

[Event "zonal 5"]
[Site "Nea Makri GRE"]
[Date "1990.??.??"]
[Round "?"]
[White "Cabrilo, Goran"]
[Black "Skembris, Spyridon"]
[Result "1-0"]
[WhiteElo "2480"]
[BlackElo "2470"]
[EventDate "1990.??.??"]
[PlyCount "112"]

1.e4 c5 2.Nf3 Nc6 3.d4 cxd4 4.Nxd4 Nf6 5.Nc3 d6 6.g3 g6 7.Nde2 Bg7 8.Bg2 
O-O 9.h3 Rb8 10.a4 Bd7 11.O-O Rc8 12.Nd5 Na5 13.Ra2 b6 14.b3 Ne8 15.Bg5 f6
16.Be3 Rf7 17.c4 e6 18.Ndc3 Qe7 19.Rd2 Bc6 20.Nd4 Ba8 21.Ndb5 Bf8 22.Re1 
Nc6 23.f4 a6 24.Nd4 Nxd4 25.Bxd4 Qc7 26.f5 e5 27.Be3 Rb8 28.h4 gxf5 29.
exf5 Bxg2 30.Kxg2 Qb7+ 31.Qf3 Qxf3+ 32.Kxf3 h5 33.Nd5 Rfb7 34.Rg1 Kf7 35.
g4 hxg4+ 36.Rxg4 Nc7 37.h5 Nxd5 38.Rxd5 Ke8 39.Rg8 Rh7 40.h6 Kf7 41.Rg6 
Be7 42.Rd1 b5 43.cxb5 axb5 44.a5 Ra8 45.b4 Ke8 46.Rd5 Kd7 47.Rxb5 d5 48.
Rxd5+ Kc6 49.Rxe5 Bxb4 50.Rxf6+ Kd7 51.Rd5+ Ke7 52.Re6+ Kf8 53.a6 Rf7 54.
a7 Rfxa7 55.Bxa7 Rxa7 56.Rd8+ Kf7 1-0

[Event "zonal 5"]
[Site "Nea Makri GRE"]
[Date "1990.??.??"]
[Round "?"]
[White "Cabrilo, Goran"]
[Black "Yilmaz, Turhan"]
[Result "1-0"]
[WhiteElo "2480"]
[BlackElo "2360"]
[EventDate "1990.??.??"]
[PlyCount "101"]

1.e4 e5 2.Nf3 Nc6 3.Bc4 Nf6 4.d3 Be7 5.O-O O-O 6.Re1 d6 7.c3 a6 8.Bb3 h6 
9.Nbd2 Re8 10.Nf1 Bf8 11.Ng3 g6 12.h3 Bg7 13.d4 Qe7 14.Be3 Kh7 15.a3 Bd7 
16.d5 Nd8 17.Bc2 Rf8 18.Bd3 Ne8 19.Bd2 c5 20.a4 Rb8 21.a5 Nc7 22.c4 Bc8 
23.b4 Ne8 24.Rb1 Qc7 25.Qb3 Nf6 26.bxc5 dxc5 27.Qa3 Nd7 28.Bc2 f6 29.Ba4 
Nf7 30.Bxd7 Bxd7 31.Be3 Rfc8 32.Rb6 Nd6 33.Nd2 f5 34.exf5 gxf5 35.f4 e4 
36.Rc1 Bf8 37.Nb3 Ne8 38.Nh5 Bd6 39.Qb2 Kg6 40.Qe2 Kf7 41.Qf2 Ba4 42.Nd2 
Qe7 43.Qg3 Rd8 44.Nb1 Bd7 45.Nc3 Qf8 46.Rcb1 Qh8 47.R1b3 Bc8 48.Kh2 Qh7 
49.Qh4 Bc7 50.Bxc5 Bxb6 51.Rxb6 1-0

[Event "zonal 5"]
[Site "Nea Makri GRE"]
[Date "1990.??.??"]
[Round "?"]
[White "Camilleri, Henry"]
[Black "Barlov, Dragan"]
[Result "0-1"]
[WhiteElo "2220"]
[BlackElo "2520"]
[EventDate "1990.??.??"]
[PlyCount "66"]

1.e4 c5 2.c3 Nf6 3.e5 Nd5 4.d4 cxd4 5.Nf3 e6 6.Qxd4 Nc6 7.Qe4 Qc7 8.Bc4 
Nde7 9.Bf4 Ng6 10.Bg3 d5 11.exd6 Bxd6 12.Na3 a6 13.Bxd6 Qxd6 14.Rd1 Qc7 
15.O-O O-O 16.h4 b5 17.Bb3 Bb7 18.Qg4 Nf4 19.Rfe1 Rad8 20.Rxd8 Rxd8 21.h5 
h6 22.Nb1 Na5 23.Ne5 Nxg2 24.Nxf7 Nxe1 25.Qxe6 Nf3+ 26.Kf1 Rd1+ 27.Bxd1 
Qxf7 28.Qd6 Qe8 29.Be2 Nc4 30.Qf4 Qe4 31.Qxe4 Bxe4 32.b3 Bxb1 33.bxc4 Nd2+
0-1

[Event "zonal 5"]
[Site "Nea Makri GRE"]
[Date "1990.??.??"]
[Round "?"]
[White "Camilleri, Henry"]
[Black "Ipek, Ali"]
[Result "0-1"]
[WhiteElo "2220"]
[BlackElo "2275"]
[EventDate "1990.??.??"]
[PlyCount "62"]

1.e4 c5 2.c3 Nf6 3.e5 Nd5 4.d4 cxd4 5.Nf3 Nc6 6.Bc4 Nb6 7.Bb3 d6 8.exd6 
Qxd6 9.O-O Be6 10.Bxe6 Qxe6 11.Nxd4 Nxd4 12.Qxd4 Rd8 13.Qh4 g6 14.Bh6 g5 
15.Bxg5 Rg8 16.Na3 Qd5 17.g3 Qxg5 18.Qxh7 Rg6 19.Rad1 Rxd1 20.Rxd1 e6 21.
c4 Bxa3 22.bxa3 Qh6 23.Qxh6 Rxh6 24.Rb1 Rh5 25.a4 Rc5 26.h4 Kf8 27.Kf1 Rc7
28.Ke2 Nxc4 29.Kd3 Nd6 30.Kd4 Rc4+ 31.Ke5 Ke7 0-1

[Event "zonal 5"]
[Site "Nea Makri GRE"]
[Date "1990.??.??"]
[Round "?"]
[White "Camilleri, Henry"]
[Black "Oney, Feridun"]
[Result "1/2-1/2"]
[WhiteElo "2220"]
[BlackElo "2320"]
[EventDate "1990.??.??"]
[PlyCount "33"]

1.e4 c5 2.Nc3 Nc6 3.g3 g6 4.Bg2 Bg7 5.d3 d6 6.Nh3 e6 7.O-O Nge7 8.Be3 Nd4 
9.Qd2 Rb8 10.Bh6 Bxh6 11.Qxh6 Nxc2 12.Rac1 Nb4 13.d4 Ng8 14.Qe3 c4 15.Nb5 
a6 16.Rxc4 Nc6 17.Na3 1/2-1/2

[Event "zonal 5"]
[Site "Nea Makri GRE"]
[Date "1990.??.??"]
[Round "?"]
[White "Camilleri, Henry"]
[Black "Skembris, Spyridon"]
[Result "0-1"]
[WhiteElo "2220"]
[BlackElo "2470"]
[EventDate "1990.??.??"]
[PlyCount "166"]

1.e4 e6 2.c4 c5 3.Nf3 Nc6 4.d4 cxd4 5.Nxd4 Qa5+ 6.Nc3 Nf6 7.Nb3 Qc7 8.Be2 
Bb4 9.Qc2 Qe5 10.Bd2 Bxc3 11.Bxc3 Qxe4 12.Qxe4 Nxe4 13.Bxg7 Rg8 14.Bh6 
Rxg2 15.Bf3 Rg6 16.Be3 Nd6 17.Nd2 Ne5 18.Be2 Nf5 19.Bf4 Nc6 20.Bh5 Rg7 21.
O-O-O e5 22.Rhe1 d6 23.Ne4 Be6 24.Bg5 Bxc4 25.Bf6 Rg2 26.Bf3 Rg6 27.Bh5 
Rxf6 28.Nxf6+ Ke7 29.Nd5+ Bxd5 30.Rxd5 Rg8 31.Rd2 Ncd4 32.f4 f6 33.h3 Rg3 
34.fxe5 fxe5 35.Bg4 Nf3 36.Bxf3 Rxf3 37.Red1 Rxh3 38.Rf2 Ke6 39.Rc2 Kd7 
40.Rg1 Rf3 41.Rh2 e4 42.Rxh7+ Kc6 43.Re1 d5 44.Rf7 e3 45.Rxf5 Rxf5 46.Rxe3
Rf2 47.Re6+ Kd7 48.Rh6 Re2 49.a4 Re6 50.Rh8 Re4 51.b3 Re8 52.Rh6 Re6 53.
Rh8 Kd6 54.Kd2 Kc5 55.Rh7 Rb6 56.Kc2 a5 57.Rg7 Rb4 58.Rh7 b6 59.Rc7+ Kd6 
60.Rh7 Rg4 61.Kc3 Rg3+ 62.Kd4 Rg4+ 63.Kc3 Kc6 64.Rh8 Rg3+ 65.Kc2 Kc5 66.
Rh6 Re3 67.Rg6 Rh3 68.Rf6 Rh8 69.Rg6 Rd8 70.Kc3 Rd6 71.Rg8 d4+ 72.Kb2 Kd5 
73.Rg5+ Ke4 74.Rg4+ Ke3 75.Rg3+ Kf4 76.Rh3 Re6 77.Rh4+ Ke3 78.Rh3+ Kd2 79.
Rh2+ Kd3 80.Rh3+ Re3 81.Rh6 Re2+ 82.Ka3 Kc2 83.Rc6+ Kb1 0-1

[Event "zonal 5"]
[Site "Nea Makri GRE"]
[Date "1990.??.??"]
[Round "?"]
[White "Camilleri, Henry"]
[Black "Yilmaz, Turhan"]
[Result "0-1"]
[WhiteElo "2220"]
[BlackElo "2360"]
[EventDate "1990.??.??"]
[PlyCount "100"]

1.e4 e5 2.Nc3 Nf6 3.f4 d5 4.fxe5 Nxe4 5.d3 Nxc3 6.bxc3 Be7 7.Nf3 O-O 8.d4 
c5 9.Bd3 c4 10.Be2 Bf5 11.O-O Bg6 12.a4 Nc6 13.Ba3 Bxa3 14.Rxa3 f6 15.exf6
Rxf6 16.Ra1 Qe7 17.Qd2 Re8 18.Rae1 Re6 19.Bd1 Qd6 20.Rxe6 Rxe6 21.Ng5 Rf6 
22.Rxf6 Qxf6 23.Bg4 Ne7 24.Nh3 Bf5 25.Qf4 Bxg4 26.Qxg4 Qf5 27.Qxf5 Nxf5 
28.Nf4 Ne3 29.Ne6 b6 30.Nc7 Kf7 31.Nb5 Nd1 32.Nxa7 Nxc3 33.Nb5 Nxa4 34.Kf2
Ke6 35.Nc7+ Kf5 36.Ke3 Nc3 37.Kd2 Ne4+ 38.Ke3 Nf6 39.h3 h5 40.c3 h4 41.Kf3
g5 42.Na8 Ne4 43.Nxb6 Nxc3 44.Na8 Nb5 45.Ke3 Ke6 46.Nb6 Nd6 47.Kd2 Nf5 48.
Kc3 Ne3 49.Kb4 Nxg2 50.Kc5 c3 0-1

[Event "zonal 5"]
[Site "Nea Makri GRE"]
[Date "1990.??.??"]
[Round "?"]
[White "Damljanovic, Branko"]
[Black "Camilleri, Henry"]
[Result "1-0"]
[WhiteElo "2535"]
[BlackElo "2220"]
[EventDate "1990.??.??"]
[PlyCount "59"]

1.Nf3 e6 2.g3 d5 3.Bg2 f5 4.O-O Nf6 5.d3 Bd6 6.Nc3 O-O 7.e4 dxe4 8.dxe4 
Nc6 9.exf5 exf5 10.Nb5 Be6 11.Nxd6 Qxd6 12.Qxd6 cxd6 13.Rd1 Rad8 14.Bf4 
Ne4 15.Nd4 Nxd4 16.Rxd4 d5 17.Rad1 Rc8 18.f3 Nf6 19.c3 h6 20.R4d2 d4 21.
Rxd4 Bxa2 22.Ra1 Bc4 23.Rxa7 Ba6 24.Bf1 Bxf1 25.Kxf1 Rf7 26.Rb4 Nd5 27.
Rbxb7 Rxb7 28.Rxb7 Nxf4 29.gxf4 Rc4 30.Rb4 1-0

[Event "zonal 5"]
[Site "Nea Makri GRE"]
[Date "1990.??.??"]
[Round "?"]
[White "Damljanovic, Branko"]
[Black "Oney, Feridun"]
[Result "1-0"]
[WhiteElo "2535"]
[BlackElo "2320"]
[EventDate "1990.??.??"]
[PlyCount "33"]

1.Nf3 Nf6 2.c4 d6 3.g3 g6 4.Bg2 Bg7 5.d4 c5 6.Nc3 Nc6 7.dxc5 Qa5 8.cxd6 
Ne4 9.O-O Nxc3 10.bxc3 Qc5 11.dxe7 Qxe7 12.Qb3 Qf6 13.Ba3 Qxc3 14.Rab1 Na5
15.Qb5+ Bd7 16.Qc5 Bf8 17.Bb2 1-0

[Event "zonal 5"]
[Site "Nea Makri GRE"]
[Date "1990.??.??"]
[Round "?"]
[White "Damljanovic, Branko"]
[Black "Skembris, Spyridon"]
[Result "1/2-1/2"]
[WhiteElo "2535"]
[BlackElo "2470"]
[EventDate "1990.??.??"]
[PlyCount "85"]

1.Nf3 Nf6 2.c4 e6 3.Nc3 d5 4.d4 c5 5.cxd5 Nxd5 6.e3 Nc6 7.Bd3 Be7 8.O-O 
O-O 9.a3 Nxc3 10.bxc3 b6 11.Bb2 Bb7 12.Qe2 Qd6 13.Rad1 Rad8 14.c4 Kh8 15.
Bb1 f5 16.d5 exd5 17.cxd5 Nb8 18.e4 Qh6 19.Rfe1 fxe4 20.Qxe4 Bd6 21.h4 Nd7
22.Bc1 Nf6 23.Bxh6 Nxe4 24.Bxg7+ Kxg7 25.Rxe4 Rf4 26.Ng5 Bc8 27.g3 Rxe4 
28.Bxe4 h6 29.Ne6+ Bxe6 30.dxe6 Kf6 31.Bd5 Be7 32.Kf1 c4 33.Ke2 Bc5 34.g4 
c3 35.Bb3 Rxd1 36.Kxd1 Bxf2 37.g5+ hxg5 38.hxg5+ Ke7 39.Kc2 Bd4 40.Kd3 Bg7
41.a4 a6 42.Ke4 c2 43.Bxc2 1/2-1/2

[Event "zonal 5"]
[Site "Nea Makri GRE"]
[Date "1990.??.??"]
[Round "?"]
[White "Damljanovic, Branko"]
[Black "Yilmaz, Turhan"]
[Result "1-0"]
[WhiteElo "2535"]
[BlackElo "2360"]
[EventDate "1990.??.??"]
[PlyCount "81"]

1.Nf3 f5 2.g3 Nf6 3.Bg2 g6 4.b3 Bg7 5.Bb2 d6 6.d4 O-O 7.O-O a5 8.c4 e6 9.
Nc3 Qe7 10.Qc2 Nc6 11.a3 d5 12.e3 Rd8 13.Rfd1 Ne4 14.Ne1 h5 15.h4 g5 16.
hxg5 Qxg5 17.Nf3 Qh6 18.Kh2 Nf6 19.Rh1 Bd7 20.Kg1 Ne7 21.Ne2 c6 22.Ne5 Ng6
23.Nxg6 Qxg6 24.Nf4 Qg5 25.Bf3 Kf7 26.Kg2 Rh8 27.Rh4 Rh6 28.Rah1 Rah8 29.
cxd5 exd5 30.Qc5 a4 31.bxa4 Bf8 32.Qb6 Bc8 33.Qc7+ Be7 34.a5 Ng4 35.a4 Qf6
36.Ba3 R6h7 37.Rxh5 Rxh5 38.Rxh5 Rxh5 39.Nxh5 Qe6 40.Bxe7 Qxe7 41.Qxc8 1-0

[Event "zonal 5"]
[Site "Nea Makri GRE"]
[Date "1990.??.??"]
[Round "?"]
[White "Grivas, Efstratios"]
[Black "Cabrilo, Goran"]
[Result "1/2-1/2"]
[WhiteElo "2445"]
[BlackElo "2480"]
[EventDate "1990.??.??"]
[PlyCount "81"]

1.d4 Nf6 2.Nf3 g6 3.c4 Bg7 4.Nc3 O-O 5.e4 d6 6.Be2 c5 7.O-O cxd4 8.Nxd4 
Nc6 9.Be3 Bd7 10.Qd2 Nxd4 11.Bxd4 Bc6 12.f3 a5 13.Rac1 Nd7 14.Be3 Nc5 15.
b3 Qb6 16.Kh1 a4 17.b4 Qxb4 18.Nd5 Qxd2 19.Nxe7+ Kh8 20.Bxd2 Rae8 21.Nxc6 
bxc6 22.Bb4 f5 23.Bxc5 dxc5 24.Bd3 a3 25.Rb1 Bb2 26.Rfd1 f4 27.Kg1 Rb8 28.
e5 Bxe5 29.Rxb8 Rxb8 30.Rb1 Bb2 31.Kf1 Kg7 32.Ke2 Kf6 33.Kd2 h5 34.Re1 g5 
35.h3 Rb4 36.Kc2 g4 37.fxg4 hxg4 38.hxg4 Kg5 39.Be2 Kh4 40.Kd3 Bd4 41.Bf3 
1/2-1/2

[Event "zonal 5"]
[Site "Nea Makri GRE"]
[Date "1990.??.??"]
[Round "?"]
[White "Grivas, Efstratios"]
[Black "Camilleri, Henry"]
[Result "1-0"]
[WhiteElo "2445"]
[BlackElo "2220"]
[EventDate "1990.??.??"]
[PlyCount "41"]

1.d4 f5 2.Nc3 d5 3.Bf4 Nf6 4.e3 e6 5.Nb5 Na6 6.Nf3 c6 7.Nc3 Qa5 8.Bd3 Nb4 
9.O-O Nxd3 10.cxd3 Be7 11.a3 O-O 12.b4 Qd8 13.Qb3 Kh8 14.Rfc1 Nh5 15.Be5 
Bd6 16.b5 Bxe5 17.Nxe5 Bd7 18.Qd1 Be8 19.bxc6 bxc6 20.Nxc6 f4 21.Nxd8 1-0

[Event "zonal 5"]
[Site "Nea Makri GRE"]
[Date "1990.??.??"]
[Round "?"]
[White "Grivas, Efstratios"]
[Black "Damljanovic, Branko"]
[Result "0-1"]
[WhiteElo "2445"]
[BlackElo "2535"]
[EventDate "1990.??.??"]
[PlyCount "98"]

1.d4 Nf6 2.c4 c5 3.d5 g6 4.Nc3 Bg7 5.e4 d6 6.h3 O-O 7.Bd3 e6 8.Nf3 Na6 9.
Be3 Nc7 10.a4 Na6 11.dxe6 Bxe6 12.O-O Nb4 13.Be2 Qe7 14.Re1 Rad8 15.Bf1 
Rfe8 16.a5 a6 17.Nd2 Qf8 18.Qb3 Bc8 19.Bg5 h6 20.Bf4 g5 21.Be3 g4 22.Qd1 
Nc6 23.f4 gxf3 24.gxf3 Nh7 25.Bg2 f5 26.f4 Nf6 27.exf5 Bxf5 28.Bf2 Rxe1+ 
29.Bxe1 Nb4 30.Bh4 Re8 31.Qf3 Nc6 32.Kh1 Kh8 33.Bf2 Qf7 34.Qd1 Qh5 35.Qxh5
Nxh5 36.Nde4 Bxc3 37.Nxc3 Nxf4 38.h4 Rg8 39.Bf3 Nd3 40.Be3 Nce5 41.Bxb7 
Rg3 42.Bxh6 Ng4 43.Rf1 Nxh6 44.Bxa6 Bh3 45.Bb7 Bxf1 46.a6 Ng4 47.Nd1 Ndf2+
48.Nxf2 Nxf2+ 49.Kh2 Rg8 0-1

[Event "zonal 5"]
[Site "Nea Makri GRE"]
[Date "1990.??.??"]
[Round "?"]
[White "Grivas, Efstratios"]
[Black "Mastrokoukos, Georgios"]
[Result "0-1"]
[WhiteElo "2445"]
[BlackElo "2280"]
[EventDate "1990.??.??"]
[PlyCount "104"]

1.d4 c5 2.d5 Nf6 3.c4 b5 4.cxb5 a6 5.bxa6 g6 6.g3 d6 7.Bg2 Bg7 8.Nf3 Bxa6 
9.O-O Nbd7 10.Nc3 Nb6 11.Re1 O-O 12.Bf4 Nh5 13.Bg5 h6 14.Bc1 Nf6 15.Rb1 
Bc4 16.e4 Bxa2 17.Nxa2 Rxa2 18.e5 Nfxd5 19.e6 fxe6 20.Rxe6 Qd7 21.Rxg6 Qf5
22.Nh4 Qxf2+ 23.Kh1 Kh7 24.Rxg7+ Kxg7 25.Qg4+ Kh8 26.Ng6+ Kg7 27.Nxf8+ 
Kxf8 28.Bxh6+ Ke8 29.Bxd5 Rxb2 30.Qh5+ Kd8 31.Ra1 Nxd5 32.Qh3 Qf3+ 33.Kg1 
Qf2+ 34.Kh1 Kc7 35.Rf1 Qe2 36.g4 Nf6 37.Bg7 Rb3 38.Qg2 Qxg2+ 39.Kxg2 Nxg4 
40.Rf7 Ne3+ 41.Kf2 Ng4+ 42.Kg2 Ne3+ 43.Kf2 Kd7 44.h4 Ke6 45.Rf4 Nf5 46.Bh8
Rb4 47.Rxb4 cxb4 48.h5 Kd5 49.Ke1 Kc4 50.Kd1 Kb3 51.Bg7 Ka2 52.h6 Nxh6 0-1

[Event "zonal 5"]
[Site "Nea Makri GRE"]
[Date "1990.??.??"]
[Round "?"]
[White "Grivas, Efstratios"]
[Black "Oney, Feridun"]
[Result "1/2-1/2"]
[WhiteElo "2445"]
[BlackElo "2320"]
[EventDate "1990.??.??"]
[PlyCount "107"]

1.d4 Nf6 2.Nf3 c6 3.c4 d6 4.Nc3 Nbd7 5.e4 e5 6.Be2 Be7 7.O-O O-O 8.Rb1 a5 
9.b3 Re8 10.d5 Nf8 11.dxc6 bxc6 12.c5 Bg4 13.cxd6 Bxd6 14.Nd2 Bxe2 15.Qxe2
Bb4 16.Bb2 Ne6 17.g3 Nd4 18.Qd1 a4 19.bxa4 Qa5 20.Rc1 Bxc3 21.Bxc3 Qxa4 
22.Bxd4 Qxd4 23.Rc4 Qd3 24.Qc2 Red8 25.Qxd3 Rxd3 26.Rc2 Rad8 27.Rb1 h6 28.
Rbb2 c5 29.a4 Ra8 30.Ra2 Rd4 31.a5 Nxe4 32.Nxe4 Rxe4 33.Rxc5 Ra6 34.Kf1 f6
35.h4 h5 36.Rc7 Kh7 37.Kg2 Rd4 38.Rc5 Kg6 39.Kh3 Rd7 40.Kg2 Rda7 41.Kf3 
Rd7 42.Ke3 Rd1 43.Rb5 Kf5 44.f4 Kg4 45.fxe5 fxe5 46.Kf2 Rf6+ 47.Kg2 Rff1 
48.Rb4+ Kf5 49.Rbb2 Rg1+ 50.Kf2 Rdf1+ 51.Ke2 Re1+ 52.Kd2 Rd1+ 53.Kc2 Rc1+ 
54.Kd2 1/2-1/2

[Event "zonal 5"]
[Site "Nea Makri GRE"]
[Date "1990.??.??"]
[Round "?"]
[White "Grivas, Efstratios"]
[Black "Pandavos, Emanouel"]
[Result "1-0"]
[WhiteElo "2445"]
[BlackElo "2370"]
[EventDate "1990.??.??"]
[PlyCount "53"]

1.d4 Nf6 2.Nf3 e6 3.e3 c5 4.Bd3 Nc6 5.O-O Be7 6.b3 O-O 7.Bb2 b6 8.Nbd2 Bb7
9.c4 Rc8 10.Rc1 cxd4 11.exd4 d5 12.Re1 Rc7 13.Ne5 Qa8 14.Nxc6 Rxc6 15.c5 
bxc5 16.dxc5 Bxc5 17.Bxf6 gxf6 18.Qg4+ Kh8 19.Qh4 f5 20.Rxc5 Rxc5 21.Qd4+ 
e5 22.Qxc5 e4 23.Bb5 f4 24.Qd4+ f6 25.b4 a6 26.Bf1 a5 27.b5 1-0

[Event "zonal 5"]
[Site "Nea Makri GRE"]
[Date "1990.??.??"]
[Round "?"]
[White "Grivas, Efstratios"]
[Black "Popovic, Petar"]
[Result "0-1"]
[WhiteElo "2445"]
[BlackElo "2520"]
[EventDate "1990.??.??"]
[PlyCount "82"]

1.d4 Nf6 2.c4 g6 3.Nc3 d5 4.Nf3 Bg7 5.Bg5 Ne4 6.Bh4 c5 7.cxd5 Nxc3 8.bxc3 
Qxd5 9.e3 cxd4 10.cxd4 Nc6 11.Be2 O-O 12.O-O h6 13.Nd2 e5 14.Bf3 Qd7 15.d5
Na5 16.e4 f5 17.exf5 gxf5 18.Rb1 b6 19.d6 e4 20.Nxe4 fxe4 21.Bxe4 Bb7 22.
Re1 Rfe8 23.Be7 Bxe4 24.Rxe4 Nc6 25.Qd5+ Kh8 26.Rbe1 Rac8 27.g3 Nb8 28.Re6
Rc5 29.Qf3 Kg8 30.Qg4 Rec8 31.Bf6 Rc1 32.Rxc1 Rxc1+ 33.Kg2 Re1 34.Re4 Rxe4
35.Qxe4 Bxf6 36.Qc4+ Kh8 37.Qc7 Qd8 38.f4 a5 39.h4 Nd7 40.h5 Qe8 41.Qc4 
Nc5 0-1